000 00585nam a2200205 a 4500
005 20231024063702.0
008 040317s1999 mx r 000 0 spa d
020 _a8430603611
035 _aUPN01000132705
049 _aCG
050 4 _aB804
_bP4.6
245 0 0 _aPensar en el siglo /
_ced. Manuel Cruz ; tr. Susana Gómez López.
260 _aMadrid :
_bTaurus,
_c1999.
300 _a187 p.
440 0 _aPensamiento
650 4 _aFilosofía moderna
_ySiglo XX
_98108
650 4 _aSIGLO XX -
_xPRONOSTICOS
_94606
700 1 _aCruz, Manuel,
_d1951-
_eed.
_930968
905 _aLibro
999 _c104859
_d104859